书目信息 |
| 题名: |
高质量发展阶段的估价服务
|
|
| 作者: | ;中国房地产估价师与房地产经纪人学会 主编 | |
| 分册: | ||
| 出版信息: | 北京 中国城市出版社 2019.11 |
|
| 页数: | 13, 901页 | |
| 开本: | 26cm | |
| 丛书名: | ||
| 单 册: | ||
| 中图分类: | F299.233.52 | |
| 科图分类: | ||
| 主题词: | 房地产价格--fang di chan jia ge--估价--中国--文集 | |
| 电子资源: | ||
| ISBN: | 978-7-5074-3161-2 | |
| 000 | 01210nam0 2200241 450 | |
| 001 | 2056011921 | |
| 005 | 20201106153342.14 | |
| 010 | @a978-7-5074-3161-2@dCNY120.00 | |
| 100 | @a20191115d2019 em y0chiy50 ea | |
| 101 | 0 | @achi |
| 102 | @aCN@b110000 | |
| 105 | @aak a 000yy | |
| 200 | 1 | @a高质量发展阶段的估价服务@Agao zhi liang fa zhan jie duan de gu jia fu wu@e2018中国房地产估价年会论文集@f中国房地产估价师与房地产经纪人学会主编 |
| 210 | @a北京@c中国城市出版社@d2019.11 | |
| 215 | @a13, 901页@c图@d26cm | |
| 320 | @a有书目 | |
| 330 | @a本论文集围绕年会主题共分为当前房地产估价机构发展面临的形势和挑战、房地产估价机构如何提供高质量的估价服务、高质量发展阶段传统房地产估价业务发展、高质量发展阶段新兴房地产估价业务发展等六个部分, 从不同角度诠释了房地产估价高质量发展的内涵, 以推动房地产估价行业的高质量发展。 | |
| 517 | 1 | @a2018中国房地产估价年会论文集@A2018 zhong guo fang di chan gu jia nian hui lun wen ji |
| 606 | 0 | @a房地产价格@Afang di chan jia ge@x估价@y中国@j文集 |
| 690 | @aF299.233.52@v5 | |
| 711 | 02 | @a中国房地产估价师与房地产经纪人学会@Azhong guo fang di chan gu jia shi yu fang di chan jing ji ren xue hui@4主编 |
| 801 | 0 | @aCN@b人天书店@c20201003 |
| 905 | @aZUCC@dF299.233.52@eZ558 | |
| 高质量发展阶段的估价服务:2018中国房地产估价年会论文集/中国房地产估价师与房地产经纪人学会主编.-北京:中国城市出版社,2019.11 |
| 13, 901页:图;26cm |
| ISBN 978-7-5074-3161-2:CNY120.00 |
| 本论文集围绕年会主题共分为当前房地产估价机构发展面临的形势和挑战、房地产估价机构如何提供高质量的估价服务、高质量发展阶段传统房地产估价业务发展、高质量发展阶段新兴房地产估价业务发展等六个部分, 从不同角度诠释了房地产估价高质量发展的内涵, 以推动房地产估价行业的高质量发展。 |
| ● |
| 相关链接 |
|
|
|
正题名:高质量发展阶段的估价服务
索取号:F299.233.52/Z558
 
预约/预借
| 序号 | 登录号 | 条形码 | 馆藏地/架位号 | 状态 | 备注 |
| 1 | 1482864 | 214828640 | 社科库409/409社科库 31排2列5层/ [索取号:F299.233.52/Z558] | 在馆 |